000
00225nam a22000857a 4500
008
130405b xxu||||| |||| 00| 0 eng d
020
_a
0262032708
_c
Avalable
050
_a
004.21CLA
_b
1706
245
_a
Model Chacking
_c
Edmund M. Clarke,Jr
999
_c
23318
_d
23318